[Event "Challenge"]
[Site "http://www.queenalice.com/game.php?id=1245243"]
[Date "2014.1.4"]
[Round "-"]
[White "picapal"]
[Black "Cheshco"]
[Result "0-1"]
[WhiteElo "1920"]
[BlackElo "2481"]

1. e4 e5 2. Nf3 Nc6 3. Bb5 a6 4. Bxc6 dxc6 5. d3 f6 6. Be3 Bd6 7. Nh4 Ne7 8.
Qh5+ g6 9. Qf3 O-O 10. a3 c5 11. Nc3 Nc6 12. g4 Nd4 13. Bxd4 cxd4 14. Ne2 Qd7
15. Rg1 a5 16. h3 a4 17. Kf1 Qb5 18. Nf5 Qxb2 19. Kg2 gxf5 20. gxf5 Qxc2 21.
Kh2+ Kf7 22. Qh5+ Ke7 23. Qxh7+ Kd8 24. Ng3 Qxf2+ 25. Rg2 Qe3 26. Qh4 Qxd3 27.
Re1 Bxa3 28. Nh5 Bb4 29. Nxf6 Be7 30. Rg6 a3 31. Rc1 Qd2+ 32. Rg2 Qxc1 0-1

[Event "Challenge"]
[Site "http://www.queenalice.com/game.php?id=1246542"]
[Date "2014.1.9"]
[Round "-"]
[White "Zugswang"]
[Black "picapal"]
[Result "1-0"]
[WhiteElo "2187"]
[BlackElo "1957"]

1. e4 e5 2. f4 exf4 3. Nf3 d6 4. Bc4 Bg4 5. O-O Nc6 6. d4 a6 7. Bxf4 Qf6 8. Be3
O-O-O 9. h3 Bxf3 10. Rxf3 Qe7 11. Nc3 f6 12. a3 Na5 13. Bd3 c6 14. b4 1-0

[Event "Challenge"]
[Site "http://www.queenalice.com/game.php?id=1247114"]
[Date "2014.1.11"]
[Round "-"]
[White "picapal"]
[Black "q_u_i_n_t_e_t"]
[Result "0-1"]
[WhiteElo "1903"]
[BlackElo "2068"]

1. e4 e5 2. Nf3 Nc6 3. Bb5 Nge7 4. d4 Nxd4 5. Nxd4 exd4 6. Qxd4 c6 7. Bc4 Qa5+
8. Bd2 Qb6 9. Qxb6 axb6 10. O-O b5 11. Bb3 c5 12. c4 b4 13. a3 Nc6 14. Be3 d6
15. Re1 Na5 16. Bc2 b3 17. Bd3 Be6 18. Nc3 Nxc4 19. Bxc4 Bxc4 20. Nd5 Bxd5 21.
exd5 Kd7 22. Rac1 b5 23. Rc3 c4 24. Bd4 h5 25. Rf3 f6 26. Re4 b4 27. Rfe3 bxa3
28. h4 axb2 29. Bxb2 Ra2 30. Rxc4 Rxb2 31. Rb4 g5 32. Rc3 Be7 33. Rb7+ Ke8 34.
Rb8+ Bd8 35. Rc6 Kf7 36. Rxd6 Rb1+ 37. Kh2 Bc7 38. Rb7 Ke7 39. Rxc7+ Kxd6 40.
Rb7 b2 41. hxg5 fxg5 42. Kg3 Rc8 43. f4 gxf4+ 44. Kxf4 Rc2 45. Ke4 Rbc1 46. Rb6+
Kd7 47. Ke5 b1=Q 48. Rd6+ Ke7 49. Re6+ Kf7 50. Rf6+ Kg7 51. Ke6 Re1+ 0-1

[Event "Challenge"]
[Site "http://www.queenalice.com/game.php?id=1247685"]
[Date "2014.1.13"]
[Round "-"]
[White "picapal"]
[Black "arvo1938"]
[Result "1/2-1/2"]
[WhiteElo "1891"]
[BlackElo "2403"]

1. e4 c6 2. c4 d6 3. Be2 Nf6 4. Nc3 c5 5. h3 Nc6 6. Bg4 e5 7. d3 Be7 8. Bxc8
Qxc8 9. Be3 a6 10. Nf3 O-O 11. Nd5 Nxd5 12. cxd5 Nd4 13. Bxd4 cxd4 14. O-O Qd7
15. Rc1 Rfc8 16. Qd2 f5 17. Rxc8+ Rxc8 18. Rc1 Rxc1+ 19. Qxc1 f4 20. a4 Bd8 21.
Kh2 Kf7 22. h4 h6 23. b3 g5 24. g3 g4 25. Ne1 fxg3+ 26. fxg3 Kg6 27. Qd2 a5 28.
Nc2 b5 29. axb5 Qxb5 30. b4 Qa4 31. bxa5 Bxa5 32. Qe2 h5 33. Qf2 Qd7 34. Na3 Bb4
35. Nc4 Qf7 36. Kg2 Qxf2+ 37. Kxf2 Kf6 38. Ke2 Ke7 39. Kd1 Kf7 40. Kc2 Kf6 41.
Kb3 Bc5 42. Ka4 Ke7 43. Kb5 Kf6 44. Kc6 Ke7 45. Nb6 Kd8 46. Na4 Ba3 47. Nb6 Bc5
48. Nc4 Ke7 49. Kb5 Kf6 50. Ka4 Ke7 51. Na3 Kd7 52. Nc2 Kc7 53. Nb4 Kd7 54. Nc6
Ke8 55. Kb5 Ba3 56. Kb6 Kd7 57. Kb7 Bc5 58. Nb8+ Kd8 59. Na6 Ba3 60. Nc7 Ke7 61.
Ne6 Kf6 62. Kc7 Bb4 63. Nf8 Ba3 64. Nd7+ Ke7 65. Nb6 Bc5 66. Nc4 Bb4 1/2-1/2

[Event "Challenge"]
[Site "http://www.queenalice.com/game.php?id=1248910"]
[Date "2014.1.17"]
[Round "-"]
[White "picapal"]
[Black "EL_CHICO"]
[Result "0-1"]
[WhiteElo "1863"]
[BlackElo "2047"]

1. e4 e5 2. Nf3 Nc6 3. d4 exd4 4. Nxd4 Nf6 5. Nxc6 bxc6 6. e5 Nd5 7. Bc4 Nb6 8.
Bd3 Bc5 9. Qg4 g6 10. Bg5 Be7 11. Bxe7 Qxe7 12. O-O O-O 13. Qg3 d6 14. exd6 cxd6
15. Nc3 Re8 16. Rfe1 Qxe1+ 17. Rxe1 Rxe1+ 18. Bf1 Ba6 19. h4 Rxf1+ 20. Kh2 d5
21. h5 Re8 22. hxg6 hxg6 23. Qc7 d4 24. Qxa7 dxc3 25. Qxb6 cxb2 26. Qxb2 Rxf2
27. Qd4 Rfe2 28. Kg3 Rxc2 29. Qa4 Rc3+ 30. Kf4 Rc4+ 0-1

[Event "Challenge"]
[Site "http://www.queenalice.com/game.php?id=1248940"]
[Date "2014.1.17"]
[Round "-"]
[White "picapal"]
[Black "Ihlleandiz"]
[Result "0-1"]
[WhiteElo "1850"]
[BlackElo "2041"]

1. e4 e5 2. c4 Nc6 3. Nf3 Nf6 4. d3 d6 5. h3 Be7 6. Nc3 h6 7. a3 a5 8. Nd5 Nxd5
9. cxd5 Nb8 10. d4 exd4 11. Nxd4 O-O 12. Nf5 Bxf5 13. exf5 Bf6 14. Qg4 Re8+ 15.
Be2 Qe7 16. Bd2 Nd7 17. Bxh6 Qxe2+ 18. Qxe2 Rxe2+ 19. Kxe2 gxh6 20. Rac1 Bxb2
21. Rxc7 Nc5 22. Rb1 Bxa3 23. Kf3 Bb4 24. Kg4 Re8 25. f4 Re4 26. g3 Re3 27. Rg1
Kg7 28. Kh4 Bc3 29. g4 Ne4 30. f6+ Bxf6+ 31. g5 hxg5+ 32. fxg5 Be5 33. Rf1 Bg3+
34. Kh5 Nf2 35. Rxb7 Re4 36. Rxf2 Rh4# 0-1

[Event "Challenge"]
[Site "http://www.queenalice.com/game.php?id=1248941"]
[Date "2014.1.17"]
[Round "-"]
[White "picapal"]
[Black "goldenboy"]
[Result "0-1"]
[WhiteElo "1873"]
[BlackElo "2135"]

1. e4 e5 2. Nf3 Nc6 3. Bc4 Bc5 4. d4 Bxd4 5. c3 Bb6 6. Qb3 Qe7 7. Bg5 Nf6 8.
Bxf6 Qxf6 9. Nbd2 O-O 10. O-O-O Na5 11. Qc2 Bxf2 12. b4 Nc6 13. Rhf1 Be3 14. Nd4
Nxd4 15. cxd4 Qg5 16. Kb1 Qxg2 17. Rxf7 Rxf7 18. Rf1 Bf4 19. Bxf7+ Kxf7 20. dxe5
g5 21. e6+ Kxe6 22. Qc4+ Ke7 23. Qg8 d5 24. Qxh7+ Kd6 25. Qg6+ Be6 26. Rxf4 Qxd2
27. e5+ Kxe5 28. Qxg5+ Kd6 29. Qg3 Kc6 30. Qf3 Rg8 31. Rc4+ Kb6 32. Rc2 Rg1+ 33.
Kb2 Qxb4+ 34. Qb3 Qxb3+ 35. axb3 d4 36. Ka3 d3 37. Rd2 Bf5 38. Kb4 Rc1 39. Rf2
Bg4 40. Rg2 Be2 41. Rg6+ c6 42. Rg5 d2 0-1

[Event "Challenge"]
[Site "http://www.queenalice.com/game.php?id=1248942"]
[Date "2014.1.17"]
[Round "-"]
[White "picapal"]
[Black "sidneyjmg"]
[Result "0-1"]
[WhiteElo "1950"]
[BlackElo "2442"]

1. e4 e5 2. Nf3 Nf6 3. Bc4 Nxe4 4. d3 Nf6 5. Nxe5 d5 6. Bb3 Bd6 7. Qe2 O-O 8. h3
Bxe5 9. O-O Nc6 10. Bg5 Bxb2 11. Nd2 Re8 12. Qd1 Bxa1 13. Qxa1 Qd6 14. Bxf6 gxf6
15. c4 dxc4 16. Bxc4 Bf5 17. Nf3 a6 18. a4 b5 19. Bb3 Bxd3 20. Rd1 Nb4 21. Qc3
c5 22. Bc2 c4 23. Bxd3 Nxd3 24. Nd4 Qf4 25. f3 Qe3+ 26. Kh2 Qe5+ 27. Kg1 Red8
28. Ne2 Qxe2 29. Qd2 Nf4 30. Qxd8+ Rxd8 31. Rxd8+ Kg7 0-1

[Event "Challenge"]
[Site "http://www.queenalice.com/game.php?id=1248943"]
[Date "2014.1.17"]
[Round "-"]
[White "picapal"]
[Black "Cuyo"]
[Result "0-1"]
[WhiteElo "1945"]
[BlackElo "2035"]

1. e4 d5 2. exd5 Qxd5 3. Nc3 Qa5 4. Qf3 Nf6 5. h3 e5 6. d3 Bb4 7. Bd2 Nc6 8.
Nge2 Nd4 9. Nxd4 exd4 10. Qe2+ Be6 11. Nb1 O-O-O 12. Bxb4 Qxb4+ 13. c3 Qc5 14.
b4 Qg5 15. c4 Bxc4 16. Qc2 Rhe8+ 17. Kd1 Bd5 18. f3 Qg3 19. Kc1 Qe1+ 20. Qd1
Qxb4 21. Be2 Re6 22. Qd2 Qa4 23. Bd1 Rc6+ 24. Bc2 Be6 25. Kd1 Qb5 26. a4 Qe5 27.
Re1 Qg3 28. Na3 Nd5 29. Kc1 Ne3 30. Kb2 Rdd6 31. a5 Qg5 32. Qe2 Qc5 33. Nc4 Qb4+
34. Bb3 Bxc4 35. Ra3 Bxb3 36. Rxb3 Qxa5 37. Ra1 Rc2+ 38. Qxc2 Qxa1+ 39. Kxa1
Nxc2+ 40. Kb2 Ne1 41. Kc1 Nxg2 42. Rb5 Nf4 43. Rf5 Rf6 44. Ra5 a6 45. Ra4 Nxd3+
46. Kd2 Ne5 0-1

[Event "Challenge"]
[Site "http://www.queenalice.com/game.php?id=1248953"]
[Date "2014.1.17"]
[Round "-"]
[White "Flamengo_Brasil"]
[Black "picapal"]
[Result "1-0"]
[WhiteElo "2159"]
[BlackElo "1958"]

1. d4 c5 2. d5 h6 3. Nc3 Nf6 4. Nf3 d6 5. e4 a6 6. Bd3 e5 7. O-O Be7 8. Bd2 Bg4
9. Be2 b5 10. Ne1 Qc8 11. Nd3 c4 12. Bxg4 Qxg4 13. Qxg4 Nxg4 14. Nb4 Bg5 15.
Bxg5 hxg5 16. h3 Nf6 17. a4 g4 18. axb5 gxh3 19. bxa6 hxg2 20. Kxg2 Ng4 21. Nb5
Ke7 22. a7 Nd7 23. Nc6+ Kf6 24. Nxd6 Nb6 25. Kg3 Kg5 26. Nxf7+ Kf6 27. Nxh8 Rxh8
28. Kxg4 g5 29. Rh1 Rg8 30. Ra6 1-0

[Event "Challenge"]
[Site "http://www.queenalice.com/game.php?id=1249474"]
[Date "2014.1.19"]
[Round "-"]
[White "picapal"]
[Black "REIDID93"]
[Result "1-0"]
[WhiteElo "1833"]
[BlackElo "1952"]

1. e4 d5 2. d4 dxe4 3. Nc3 Nf6 4. Bc4 e6 5. Bg5 Nbd7 6. Nxe4 Be7 7. Nxf6+ Nxf6
8. Nf3 O-O 9. c3 Nd5 10. Bxe7 Qxe7 11. O-O b6 12. Qd2 Bb7 13. Qg5 Qd6 14. Bxd5
Bxd5 15. Qg3 Rad8 16. Qxd6 Rxd6 17. Ne5 f6 18. Ng4 h5 19. Ne3 Bb7 20. f4 g6 21.
Rad1 Rfd8 22. g4 hxg4 23. Nxg4 Kg7 24. Rf2 c5 25. Ne3 cxd4 26. Rfd2 e5 27. fxe5
fxe5 28. Nc4 Rd5 29. cxd4 exd4 30. Re2 Rg5+ 31. Kf1 Rf8+ 32. Rf2 Bg2+ 33. Ke1
Re8+ 34. Kd2 Bd5 35. Nd6 Rd8 36. Nb5 a6 37. Nc7 Bxa2 38. Ra1 Bc4 39. Re1 Rd7 40.
Ne8+ Kh6 41. Rf8 Rf5 42. Nf6 Rd6 43. Rh8+ Kg5 44. Ne4+ Kf4 45. Nxd6 Rc5 46. Rf8+
Kg4 47. Rg1+ Kh3 48. Rxg6 Rh5 49. Nxc4 b5 50. Ne5 Kxh2 51. Nf3+ Kh3 52. Ng1+ Kh4
53. Rf4# 1-0

[Event "Challenge"]
[Site "http://www.queenalice.com/game.php?id=1249562"]
[Date "2014.1.19"]
[Round "-"]
[White "picapal"]
[Black "Flamengo_Brasil"]
[Result "0-1"]
[WhiteElo "1894"]
[BlackElo "2206"]

1. e4 g6 2. Nf3 Bg7 3. d4 d6 4. Bc4 Nf6 5. Nc3 O-O 6. Bf4 Nc6 7. Qd2 Bg4 8. a3
Nxe4 9. Nxe4 d5 10. Ne5 Bxe5 11. Bxe5 dxc4 12. f3 Bf5 13. Qh6 f6 14. Ng5 Rf7 15.
Nxf7 Qf8 16. Qxf8+ Kxf8 17. Bxc7 Kxf7 18. O-O-O Rc8 19. Bg3 e6 20. Bf2 h5 21. h3
g5 22. g4 Bg6 23. Be3 Ne7 24. Bf2 Nd5 25. Bg3 c3 26. bxc3 Rxc3 27. Rd2 Rxa3 28.
Rhh2 Ne3 29. gxh5 Bxh5 30. Rd3 Rxd3 31. cxd3 Nf1 32. Rg2 Bxf3 33. Rf2 Nxg3 34.
Rxf3 Ne2+ 35. Kd2 Nxd4 36. Rf1 a5 37. Kc3 e5 38. Kc4 Ke6 39. Kc5 b5 40. Kb6 a4
41. Ka5 Ke7 42. Rh1 f5 43. Kb4 f4 44. h4 gxh4 45. Rxh4 Kd6 46. Rh1 f3 47. Rc1 f2
48. Rf1 Nc2+ 49. Kc3 Ne3 50. d4 Nxf1 51. dxe5+ Kxe5 52. Kd3 Ne3 0-1

[Event "Challenge"]
[Site "http://www.queenalice.com/game.php?id=1249564"]
[Date "2014.1.19"]
[Round "-"]
[White "picapal"]
[Black "carver"]
[Result "0-1"]
[WhiteElo "1860"]
[BlackElo "1913"]

1. e4 e5 2. Bc4 Nf6 3. Nf3 d5 4. exd5 e4 5. Ng5 Bd6 6. Nc3 Bg4 7. f3 exf3 8.
gxf3 Qe7+ 9. Qe2 Qxe2+ 10. Bxe2 Bf5 11. Nge4 Bxe4 12. fxe4 Nbd7 13. d4 Bb4 14.
Bf3 O-O-O 15. Bg5 Rde8 16. O-O-O Bxc3 17. bxc3 Nxe4 18. Bxe4 Rxe4 19. Rhf1 f6
20. Bf4 Rhe8 21. c4 Nb6 22. d6 cxd6 23. Rd3 Nxc4 24. Bd2 Nxd2 25. Rxd2 Re1+ 26.
Rxe1 Rxe1+ 27. Kb2 g6 28. c4 b6 29. Rf2 f5 30. Kc3 a5 31. Kd2 Re7 32. Kd3 Kc7
33. Rb2 f4 34. Rf2 Re3+ 35. Kd2 g5 36. h4 h6 37. hxg5 hxg5 38. Rg2 Rg3 39. Rh2
f3 40. Rf2 Rg2 41. Ke3 Rxf2 42. Kxf2 g4 43. Ke3 Kc6 44. Kf2 d5 0-1

[Event "Challenge"]
[Site "http://www.queenalice.com/game.php?id=1249683"]
[Date "2014.1.19"]
[Round "-"]
[White "picapal"]
[Black "Abstro"]
[Result "1-0"]
[WhiteElo "1854"]
[BlackElo "2009"]

1. e4 e5 2. c4 Bc5 3. Nf3 Nc6 4. Nc3 a6 5. d3 h6 6. Bd2 d6 7. a3 Nd4 8. b4 Nxf3+
9. gxf3 Qh4 10. Qe2 Bd4 11. O-O-O Bd7 12. Nd5 Qd8 13. Be3 c5 14. Bxd4 exd4 15.
bxc5 dxc5 16. Qb2 b5 17. Kd2 Nf6 18. Re1 O-O 19. h4 Nxd5 20. cxd5 a5 21. Bh3
Bxh3 22. Rxh3 b4 23. Rg1 f5 24. Rhg3 Ra7 25. Qc1 Qb6 26. Rg6 Qd8 27. Ke2 Rc7 28.
Qxh6 Rff7 29. R1g5 Rf8 30. Rxg7+ 1-0

[Event "Challenge"]
[Site "http://www.queenalice.com/game.php?id=1250683"]
[Date "2014.1.24"]
[Round "-"]
[White "picapal"]
[Black "Cheshco"]
[Result "0-1"]
[WhiteElo "1890"]
[BlackElo "2498"]

1. e4 e5 2. c4 Nf6 3. d3 Bc5 4. h3 O-O 5. Bg5 c6 6. a3 d5 7. b4 Bd4 8. Ra2 a5 9.
Nf3 axb4 10. cxd5 Bc5 11. d4 exd4 12. e5 Qxd5 13. exf6 Qxa2 0-1

[Event "Challenge"]
[Site "http://www.queenalice.com/game.php?id=1253617"]
[Date "2014.2.3"]
[Round "-"]
[White "picapal"]
[Black "DAPONT"]
[Result "0-1"]
[WhiteElo "1840"]
[BlackElo "2065"]

1. e4 d5 2. exd5 Qxd5 3. c4 Qe4+ 4. Qe2 Qxe2+ 5. Bxe2 e5 6. d3 Nf6 7. Nf3 Bd6 8.
Bg5 Be6 9. Bxf6 gxf6 10. a3 a5 11. O-O Rg8 12. Nc3 c6 13. Ne4 Be7 14. Ng3 Nd7
15. Rfe1 O-O-O 16. Red1 Nf8 17. Nh4 Ng6 18. Nhf5 Bf8 19. Bf3 Nf4 20. Be4 a4 21.
Kf1 Kc7 22. Rac1 h5 23. d4 h4 24. Ne2 Bxf5 25. Bxf5 Nxe2 26. Kxe2 Rxg2 27. dxe5
fxe5 28. Rxd8 Kxd8 29. Rd1+ Ke7 30. h3 Kf6 31. Bg4 Bc5 32. Rb1 Rxf2+ 33. Kd3 Bd4
34. Bc8 Rf3+ 35. Kc2 Rb3 36. Bg4 Kg5 37. Bc8 f5 38. Be6 Rxh3 39. b3 Rxb3 40. Rf1
f4 41. Kd2 Rxa3 42. Rb1 Rb3 43. Rxb3 axb3 44. c5 b2 45. Kc2 f3 46. Bh3 Kf4 47.
Bc8 f2 48. Bh3 Kg3 49. Bf1 h3 0-1

[Event "Challenge"]
[Site "http://www.queenalice.com/game.php?id=1253746"]
[Date "2014.2.4"]
[Round "-"]
[White "picapal"]
[Black "Abstro"]
[Result "1-0"]
[WhiteElo "1924"]
[BlackElo "2037"]

1. e4 e5 2. Nf3 Nc6 3. Bb5 d6 4. Bxc6+ bxc6 5. d4 exd4 6. Qxd4 Bb7 7. O-O Be7 8.
Qxg7 Bf6 9. Qg4 h5 10. Qf4 Qe7 11. h4 Nh6 12. Re1 O-O-O 13. Qe3 Ng4 14. Qe2 Bxh4
15. Nxh4 Qxh4 16. Bf4 c5 17. f3 Nf6 18. g3 Qh3 19. Qf1 Qe6 20. Nc3 Rdg8 21. Rad1
h4 22. e5 hxg3 23. exf6 g2 24. Rxe6 Rh1+ 25. Kf2 Rxf1+ 26. Rxf1 gxf1=Q+ 27. Kxf1
fxe6 28. Bh6 Rg3 29. f4 Rf3+ 30. Ke2 Kd7 31. f7 Rxf4 32. Bxf4 Ke7 33. f8=Q+ Kxf8
34. Nb5 a6 35. Nc3 e5 36. Bg5 d5 37. Na4 c4 38. Bd8 c6 39. Nc5 Bc8 40. Ba5 Ke7
41. Bb4 Kf6 42. Na4 e4 43. c3 Kg5 44. Ke3 Kg4 45. Nb6 Bf5 46. Na8 Kg3 47. Nc7
Bc8 48. Ne8 Kg2 49. Nd6 Be6 50. Ne8 Kg3 51. Ng7 Bc8 52. Nh5+ Kg4 53. Nf4 Kf5 54.
Ne2 Kg4 55. Nf4 Kf5 56. Ng2 Kg4 57. Bd6 Kf5 58. Kd4 Kg4 59. Ne1 Kf5 60. Kc5 Bd7
61. Kb6 e3 62. Kxa6 Ke4 63. Bc5 1-0

[Event "quick game "]
[Site "http://www.queenalice.com/game.php?id=1255050"]
[Date "2014.2.9"]
[Round "-"]
[White "homossexuais"]
[Black "picapal"]
[Result "0-1"]
[WhiteElo "1868"]
[BlackElo "1854"]

1. e4 e5 2. Nf3 d6 3. d4 exd4 4. Nxd4 a6 5. Nc3 c5 6. Nb3 Be6 7. Be2 Ne7 8. O-O
Bxb3 9. axb3 g6 10. Bf4 Bg7 11. Bxd6 Bxc3 12. bxc3 b5 13. Bxb5+ Nbc6 14. Bxe7
Qd7 15. Bf6 Rf8 0-1